000 00535nam a2200193Ia 4500
003 GCL
008 140319s9999 xx 000 0 eng d
040 _aGCL /
_cGCL
082 0 4 _a521
_bP G
100 1 _aPALGRAVE, FRANCIS
245 1 0 _aTHE GOLDEN TREASURY OF THE BEST SONGS AND LYRICAL POE MS IN THE ENGLISH LONGUAGE /
_cPALGRAVE, FRANCIS
700 1 _aTURNER, DAVID
700 1 _aTURNER
260 _a[S.N] :
_bTHE NELSON & SONS
300 _a350 P
650 0 4 _aENGLISH LITERATURE
650 0 4 _aLITERATURE
942 _2ddc
_cBK
999 _c11713
_d11713